书目信息 |
| 题名: |
网络传播概论
|
|
| 作者: | 屠忠俊 主编 | |
| 分册: | ||
| 出版信息: | 武汉 武汉大学出版社 2007 |
|
| 页数: | 281页 | |
| 开本: | 23cm | |
| 丛书名: | ||
| 单 册: | ||
| 中图分类: | G206 , TP393.4 | |
| 科图分类: | ||
| 主题词: | 互联网络--传播学--高等学校--教材 , 互联网络 , 传播学 | |
| 电子资源: | ||
| ISBN: | 978-7-307-05366-3 | |
| 000 | 00957nam0 2200265 450 | |
| 001 | 1259171316 | |
| 005 | 20121005162656.90 | |
| 010 | @a978-7-307-05366-3@dCNY25.00 | |
| 100 | @a20070226d2007 em y0chiy50 ea | |
| 101 | 0 | @achi |
| 102 | @aCN@b420000 | |
| 105 | @ay z 000yy | |
| 200 | 1 | @a网络传播概论@Awang luo chuan bo gai lun@f屠忠俊主编 |
| 210 | @a武汉@c武汉大学出版社@d2007 | |
| 215 | @a281页@d23cm | |
| 300 | @a普通高等院校网络传播系列教材/吴廷俊主编 | |
| 330 | @a本书阐述了作为电子计算机技术与现代通信网络技术的结合物的多媒体网络——因特网的崛起、特性和影响;对网络传播的各种类型作了传播学理的说明;对网络传播的传受双方进行了深入的分析;对各种网络传播行业进行了学理和实务的解读等内容。 | |
| 606 | 0 | @a互联网络@x传播学@x高等学校@j教材 |
| 606 | 0 | @a互联网络 |
| 606 | 0 | @a传播学 |
| 690 | @aG206@v4 | |
| 690 | @aTP393.4@v4 | |
| 701 | 0 | @a屠忠俊@Atu zhong jun@f(1945.4~)@4主编 |
| 801 | 0 | @aCN@bNLC@c20101222 |
| 905 | @a10447@dG206@eJY94 | |
| 网络传播概论/屠忠俊主编.-武汉:武汉大学出版社,2007 |
| 281页;23cm |
| 普通高等院校网络传播系列教材/吴廷俊主编 |
| ISBN 978-7-307-05366-3:CNY25.00 |
| 本书阐述了作为电子计算机技术与现代通信网络技术的结合物的多媒体网络——因特网的崛起、特性和影响;对网络传播的各种类型作了传播学理的说明;对网络传播的传受双方进行了深入的分析;对各种网络传播行业进行了学理和实务的解读等内容。 |
| ● |
| 相关链接 |
|
|
|
|
正题名:网络传播概论
索取号:G206/JY94
 
预约/预借
| 序号 | 登录号 | 条形码 | 馆藏地/架位号 | 状态 | 备注 |
| 1 | 7814771 | 278147710 | 学院路分馆/ [索取号:G206/JY94] | 在馆 | |
| 2 | 7814772 | 278147729 | 学院路分馆/ [索取号:G206/JY94] | 在馆 |